• 首页
  • 本馆介绍
  • 公告通知
  • 最新文献
  • 馆藏检索
  • 电子资源
  • 读者导购
  • 参考咨询
  • 我的图书馆
  • 登录
  • 详细信息显示
  • 放入我的书架
  • 预约/预借图书
  • 作者相关作品
  • 分类相关作品
  • 丛书相关作品
  • 出版社相关作品

书目信息

  • 表格格式
  • 工作单格式
  • 卡片格式
题名:
工程制图及计算机绘图
    
 
作者: 云建军 , 宋杰 主编
分册:  
出版信息: 北京   电子工业出版社  2001
页数: 376页
开本: 26cm
丛书名:
单 册:
中图分类: TB23 , TP391.41
科图分类:
主题词: 工程制图--高等教育--教材 , 计算机图形学--高等教育--教材
电子资源:
ISBN: 7-5053-7031-6
000 00921n|m0 2200289 450
001 0102577241
005 20121109170000.0
010    @a7-5053-7031-6@dCNY28.00
011    @a7-5053-7031-6
100    @a20011108d2001 em y0chiy0110 ea
101 0  @achi
102    @aCN@b110000
105    @aa z 000yy
135    @adrbn ---auuuu
200 1  @a工程制图及计算机绘图@9Gong Cheng Zhi Tu Ji Ji Suan Ji Hui Tu @f云建军,宋杰主编@b电子资源.图书
210    @a北京@c电子工业出版社@d2001
215    @a376页@c图@d26cm
325    @a电子复制品
330    @a本书内容包括:制图的基本知识和技能、投影作图基础、机械制图、其他工程图、计算机绘图等。
606 0  @a工程制图@x高等教育@j教材
606 0  @a计算机图形学@x高等教育@j教材
690    @aTB23@v4
690    @aTP391.41@v4
701  0 @a云建军@9yun jian jun@4主编
701  0 @a宋杰@9song jie@4主编
801  0 @aCN@bAZmarc@c20230903
905    @dTB23@e16@f5@sTB23/16@aBZT
    
    工程制图及计算机绘图/云建军,宋杰主编[电子资源.图书].-北京:电子工业出版社,2001
    376页:图;26cm
    
    
    ISBN 7-5053-7031-6:CNY28.00
    本书内容包括:制图的基本知识和技能、投影作图基础、机械制图、其他工程图、计算机绘图等。
●
相关链接 在五车中查询图书 在当当中查询图书 在豆瓣中查询图书


正题名:工程制图及计算机绘图     索取号:TB23/16         预约/预借

序号 登录号 条形码 馆藏地/架位号 状态 备注
1 2000060541   2000060541   旧书回溯/ [索取号:TB23/16] 在馆    
2 2000060542   2000060542   旧书回溯/ [索取号:TB23/16] 在馆    
3 2000060543   2000060543   旧书回溯/ [索取号:TB23/16] 在馆    
4 2000060544   2000060544   旧书回溯/ [索取号:TB23/16] 在馆    
5 2000060545   2000060545   旧书回溯/ [索取号:TB23/16] 在馆    
山东省滨州职业学院图书馆 欢迎您!
大连网信软件有限公司© 版权所有